Service charges (Record no. 106017)

MARC details
000 -LEADER
fixed length control field 01958cam a2200373 4500
001 - CONTROL NUMBER
control field L135350
008 - FIXED-LENGTH DATA ELEMENTS--GENERAL INFORMATION
fixed length control field 061017n2007 000 0 eng u
020 ## - INTERNATIONAL STANDARD BOOK NUMBER
International Standard Book Number 1846610419
-- 9781846610417
035 ## - SYSTEM CONTROL NUMBER
System control number (Sirsi) u135350
041 0# - LANGUAGE CODE
Language code of text/sound track or separate title eng
050 04 - LIBRARY OF CONGRESS CALL NUMBER
Classification number 346.4104342 $2 18
100 ## - MAIN ENTRY--PERSONAL NAME
Personal name Freedman, Philip
245 ## - TITLE STATEMENT
Title Service charges
Remainder of title law and practice
260 ## - PUBLICATION, DISTRIBUTION, ETC.
Place of publication, distribution, etc. Bristol
Name of publisher, distributor, etc. Jordans
Date of publication, distribution, etc. 2007
300 ## - PHYSICAL DESCRIPTION
Extent xxx, 405p.
Dimensions 25cm.
350 ## - PRICE (NR) (BK AM CF MU VM SE) [OBSOLETE]
Price 45
505 2# - FORMATTED CONTENTS NOTE
Formatted contents note Matters applicable to commercial and residential leases -- Special rules for residential lettings -- Value Added Tax -- Reserve funds and sinking funds -- Service charges: freehold and commonhold properties -- Statutory obligations -- Commercial codes of practice -- Appendices
520 ## - SUMMARY, ETC.
Summary, etc. The fourth edition of this standard guide to the legal framework surrounding service charges. Includes the latest regulations under the Commonhold and Leasehold Reform Act 2002 and those relating to works involving asbestos, disability and fire precautions. Also provides case law and developments on reasonableness, repairs and renewals, insurance premiums, management fees and VAT. Makes detailed reference to "Service charges in commercial property: RICS code of practice" (L137197).
520 ## - SUMMARY, ETC.
Summary, etc. Supersedes third edition (ISBN 0853087105).
590 ## - LOCAL NOTE (RLIN)
Local note KA
650 24 - SUBJECT ADDED ENTRY--TOPICAL TERM
Topical term or geographic name entry element COMMONHOLD AND LEASEHOLD REFORM ACT 2002
650 24 - SUBJECT ADDED ENTRY--TOPICAL TERM
Topical term or geographic name entry element LANDLORD AND TENANT ACT 1985
650 24 - SUBJECT ADDED ENTRY--TOPICAL TERM
Topical term or geographic name entry element LANDLORD AND TENANT ACT 1987
650 24 - SUBJECT ADDED ENTRY--TOPICAL TERM
Topical term or geographic name entry element LEASEHOLD REFORM, HOUSING AND URBAN DEVELOPMENT ACT 1993
650 24 - SUBJECT ADDED ENTRY--TOPICAL TERM
Topical term or geographic name entry element HOUSING ACT 1996
650 24 - SUBJECT ADDED ENTRY--TOPICAL TERM
Topical term or geographic name entry element VALUE ADDED TAX
650 24 - SUBJECT ADDED ENTRY--TOPICAL TERM
Topical term or geographic name entry element RICS CODE OF PRACTICE: SERVICE CHARGES IN COMMERCIAL PROPERTY
651 #4 - SUBJECT ADDED ENTRY--GEOGRAPHIC NAME
Geographic name England and Wales
Chronological subdivision 1543-
690 ## - LOCAL SUBJECT ADDED ENTRY--TOPICAL TERM (OCLC, RLIN)
Topical term or geographic name as entry element PROPERTY-LANDLORD AND TENANT-SERVICE CHARGES
690 ## - LOCAL SUBJECT ADDED ENTRY--TOPICAL TERM (OCLC, RLIN)
Topical term or geographic name as entry element PROPERTY-COMMERCIAL PROPERTY-COMMERCIAL LANDLORD AND TENANT-COMMERCIAL SERVICE CHARGES
700 1# - ADDED ENTRY--PERSONAL NAME
Personal name Shapiro, Eric
700 1# - ADDED ENTRY--PERSONAL NAME
Personal name Slater, Brian
942 ## - ADDED ENTRY ELEMENTS (KOHA)
Suppress in OPAC 0
Holdings
Withdrawn status Lost status Source of classification or shelving scheme Damaged status Not for loan Home library Current library Shelving location Date acquired Cost, normal purchase price Total Checkouts Full call number Barcode Date last seen Date last checked out Copy number Cost, replacement price Price effective from Koha item type
    Dewey Decimal Classification     London London Basement 01/05/2007 45.00 15 346.4104342 FRE 30073834 06/08/2019 03/02/2010 1 45.00 06/08/2019 Book
  Missing       London London Missing 06/03/2008 45.00 13 346.4104342 FRE 30072666 06/08/2019 10/06/2009 2 45.00 06/08/2019 Book